00679cam a22002051a 4500001001300000003000400013005001700017008004100034010001700075035001900092040002700111042001200138050002200150100003200172245014500204250001600349260003500365300003600400500003700436f 01000361 DLC20260227111237.0810914s1881 fr 000 1 fre  af 01000361  a(OCoLC)7757899 aDLCcNcWsWdNcWsWdDLC apremarc00aPQ2315b.P65 18811 aKarr, Alphonse,d1808-1890.10aPour ne pas être treize.bRomain d'Étretat. Les willis. Un diamant. Berthe et Rodolphe. Bouret et Gaussin. Jobisme /cpar Alphonse Karr. aNouv. éd. aParis :bCalman Lévy,c1881. a2 p. l., 246 p., 1 l. ;c19 cm. aHalf-title: Œuvres complètes.